| 000 | 00861nam a22001337a 4500 | ||
|---|---|---|---|
| 040 | _cRUA | ||
| 082 | _aFIS CHE 2009 B181 Or.1 | ||
| 100 | _aCHEA, PHEARY. | ||
| 245 | _aImpact of ecosystem change on fisheries resours-depended on livelihood in kepthemel and changorn of community fisheris kampot province, ផលប៉ះពាល់នៃការប្រែប្រួលស្ថានប្រព័ន្ធទៅលើជីវភាពរស់នៅរបស់ អ្នកដែលពឹងផ្អែកលើធនធានជលផលក្នុងសហគមន៏នេសាទកែបថ្មី និងចង្ហោន ខេត្តកំពត | ||
| 260 |
_aPhnom Penh _bRUA _c2009 |
||
| 300 |
_axiii, 54p. _bill. _c29cm. |
||
| 856 | _uhttps://drive.google.com/file/d/1rwj9uUeUDitmQBp4VDZrOIwPB0WRV7Sw/view?usp=sharing | ||
| 942 | _cFIS | ||
| 999 |
_c3942 _d3942 |
||